| 000 | 00755nam a22002177a 4500 | ||
|---|---|---|---|
| 003 | BUBTL | ||
| 008 | 180808b xxu||||| |||| 00| 0 eng d | ||
| 020 | _a9789332902701 | ||
| 082 | _a658.15/ B7405p/ 2015 | ||
| 100 |
_91764 _a Brealey, Richard A. |
||
| 245 |
_aPrinciples of Corporate Finance : _cRichard A. Brealey, Stewart C. myers and Franklin Allen and Pitabas Mohanty |
||
| 250 | _a11th | ||
| 260 |
_aNew Delhi _bMc Graw Hill _cc2015 |
||
| 300 |
_a[xii], 974p . : _bill, Table ; 24cm . |
||
| 500 | _aIncludes Index . | ||
| 650 | 0 |
_91765 _aCorporate Finance |
|
| 700 |
_91985 _aRichard A. Brealey, Stewart C. myers and Franklin Allen and Pitabas Mohanty |
||
| 856 |
_k0 _l0 _yDownload |
||
| 942 |
_2ddc _cBK |
||
| 999 |
_c5778 _d5778 |
||